MDQL
is popping MORE tags! Check the
thread
!
Quizzes
Events
Quiz Creation
Community
Videos
Private Events
Remove Ads
Sign In
Join for FREE
Feedback
Dark Mode
Quiz Categories
Sports
Geography
Music
Movies
Television
Just For Fun
Miscellaneous
History
Literature
Language
Science
Gaming
Entertainment
Religion
Holiday
For Kids
Quiz Lab
Recent
Popular Today
Quiz Kudos Today
Editor Picks
Curator Picks
Quizzes by...
Day
Popularity
Type
Ratings
Length
Year
Community
Subscriptions
Recent Discussions
Orange Saloon
Badges
Playlists
Quests
Create
Leaderboards
Showdown
Live 5
Trivia Bingo
Activity
Puzzle Library
Sporcle Events
Private Events
Virtual Trivia
Globe League
Become a Host
Pub Owners
SporcleCon
Opinionation
Our Games
Videos
Blog
Mobile Apps
Partnerships
Remove Ads and Go Orange
Feedback
Sports
Athletes
MLB
NBA
NHL
NFL
Soccer
Sports Teams
WWE
NCAA
Football
Premier League
Basketball
Baseball
Hockey
Golf
Tennis
Cricket
Rugby
Auto Racing
Olympics
World Cup
Sports
Athletes
MLB
NBA
NHL
NFL
Soccer
Sports Teams
WWE
NCAA
Football
Premier League
Basketball
Baseball
Hockey
Golf
Tennis
Cricket
Rugby
Auto Racing
Olympics
World Cup
Random Quiz
Search Sporcle
×
Curator Pick
Curator Pick
Sports
Football
Type in answers that appear in a list
Type in answers that appear in a list
Classic
Best Score? Go Orange.
NFL Week 5 Top Performers (2011) Stats
Can you name the top performers in each of these statistical categories from Week 5 of the 2011 NFL season?
By
steelnation86
7m
73 Questions
1,790 Plays
1,790 Plays
1,790 Plays
Comments
Comments
Give Quiz Kudos
Give Quiz Kudos
-
- Ratings
hide this ad
Replay
Link that replays current quiz
Next Quiz
Link to next quiz in quiz playlist
You Got
0%
They Got
Avg Score
33%
Avg Friend Score
Upgrade to see
Score Distribution
Jump to the score distribution portion of the page
Score
0/73
Timer
07:00
0
Plays Today
% Correct
Tom Brady
92.3%
Aaron Rodgers
84.7%
Aaron Rodgers
84.7%
Drew Brees
78.7%
Calvin Johnson
78.6%
Chris Johnson
78.2%
Eli Manning
75.3%
Eli Manning
75.3%
Adrian Peterson
69.9%
Alex Smith
67.5%
Alex Smith
67.5%
Cam Newton
67.4%
Brad Smith
66.9%
Aldon Smith
66.9%
Fred Jackson
66.2%
Ben Roethlisberger
65.5%
Ben Roethlisberger
65.5%
James Jones
57.9%
Philip Rivers
55.7%
LeSean McCoy
49.7%
Matt Schaub
49.6%
Shonn Greene
44.1%
Frank Gore
41.4%
Frank Gore
41.4%
Jahvid Best
37.6%
Jahvid Best
37.6%
BenJarvus Green-Ellis
37.2%
BenJarvus Green-Ellis
37.2%
Matt Cassel
35.6%
Matt Cassel
35.6%
Michael Turner
32.8%
Donovan McNabb
32.8%
Tim Tebow
32.2%
Victor Cruz
31%
Victor Cruz
31%
Maurice Jones-Drew
30%
Dwayne Bowe
29%
% Correct
Hines Ward
27.4%
Curtis Painter
26.6%
Vernon Davis
26.1%
Marshawn Lynch
25.8%
Ryan Mathews
25.1%
Sebastian Janikowski
24%
Pierre Garcon
23.7%
Jimmy Graham
23.1%
Beanie Wells
22.6%
Jared Allen
21.1%
Nate Allen
20.9%
Willis McGahee
16.4%
Mark Ingram
16.1%
Mason Crosby
13.6%
Stephen Gostkowski
10.2%
Jason Avant
10%
Jason Avant
10%
Doug Baldwin
9%
Doug Baldwin
9%
Delone Carter
8.8%
Jason Pierre-Paul
7.7%
Steve Breaston
7.4%
John Kasay
6.7%
Nick Novak
6.5%
Bernard Scott
6.3%
Pat Angerer
5.8%
Early Doucet
2.5%
Anthony Dixon
2.1%
Brian Robison
2.1%
Richard Seymour
2%
James Farrior
1.6%
Jason McCourty
1%
Chris Clemons
1%
Jamaal Westerman
1%
DeAndre Levy
0.8%
Osi Umenyiora
0.8%
Quiz Playlist
Details
Report
Send in Message
Add To Playlist
Classic:
Type in answers that appear in a list
Last Updated: Feb 16, 2017
Curator Pick in
NFL
Quiz Scoreboard
CHALLENGE
Sign Up to Join the Scoreboard
Show All
Scores
Hide
Comments
May contain spoilers
Recently Published
Holiday 10x10 Sorting Gallery
by lukepisani3
Holiday
15m
Two Season TV Shows II
by 123Four
Television
10m
Image Sorting: Flags VI
by Barbecue
Geography
2m
More to Explore
Quiz From the Vault
Featured Blog Post
14 Easter Pick-up Lines to Find Eggs With
hide this ad
You Might Also Like...
Tags
Football Quiz
NFL Quiz
Football Leaders
Kicker
Passing Leaders
Quarterbacks
Receiving Leaders
Rushing Leaders
Sack Leaders
tackle
Week 5
Today's Top Quizzes in Sports
Browse Sports
hide this ad
Today's Top Quizzes in Football
Browse Football
Top Contributed Quizzes in Sports
1
Les meilleurs buteurs des matchs entre le PSG et l’OM
2
Les entraîneurs de l'OM et du PSG au 21e siècle
3
2022 World Cup Stars
4
Les joueurs passés par le PSG et l'OM
5
Players with Multiple 50 Home Run Seasons
6
FIFA Club World Cup Champions
7
Criteria MLB: Left Handed Sluggers
8
Les joueurs passés par le LOSC et le RC Lens
9
Top 10 NHL Goal Scorers of All Time
10
NBA Logic Puzzle 2.0
Explore More
Trending Topics
Marvel
Anime
Kpop
Crossword
Disney
Harry Potter
NBA
Soccer
Song
Pokémon
The Office
NFL
Country
WWE
Puzzle
hide this ad
More By:
steelnation86
Quiz
Plays
Rating
Category
Featured
Created
Twice-Elected Presidents Minefield
313,813
4.24
History
Apr 6, 2012
NFL Super Bowl Winner or Not?
105,613
4.40
Sports
Dec 10, 2011
MLB All-Time Starting Nines By HR
104,046
4.58
Sports
Jul 25, 2012
NFL Top 100 Receivers (2011)
71,585
4.46
Sports
Jan 1, 2012
Most NFL Games with a Pass & Rush TD
64,729
4.58
Sports
Dec 15, 2013
Go to Creator's Profile
Score Distribution
Quiz Creator Spotlight
steelnation86
Follow
Send a Message
Quizzes Created
-
Created Quiz Play Count
-
More By This Creator
Popular Quizzes Today
1
Find the US States - No Outlines Minefield
2
Colored Red Africa Blitz
3
Find the 'City' Movie
4
The Countries of the World
5
5x2 Blitz: Bands
6
Find the Countries of Europe - No Outlines Minefield
7
Find the US States
8
US States
More Sports Quizzes
Sandy Koufax: Hall of Fame Strikeout Profile
Quiz Lab
Trending Quizzes
Colored Red Europe Blitz I
Colored Red Africa Blitz II
Colored Red Europe Blitz II
Even More Two Season TV Shows
Colored Red Africa Blitz III
Recently Updated
Quick Pick: 20 Twenties
pecheneg
March Madness Men's Triple Doubles
pecheneg
How Do You Spell That?
pecheneg
Godzilla Movies
pecheneg
Grab Bag: 4-10 Letters
pecheneg
2024 March Madness Bracket
pecheneg
Famous TV Couples
Peacemaker
Champions League XIs: Real Madrid
pecheneg
Largest US Cities 1790-2010
pecheneg
Rides in Walt Disney World
pecheneg
Trending Topics
Marvel
Harry Potter
Disney
Anime
Crossword
NBA
Kpop
NFL
Pokémon
Country
Song
The Office
Soccer
WWE
Puzzle
Your Account Isn't Verified!
In order to create a playlist on Sporcle, you need to verify the email address you used during registration. Go to your
Sporcle Settings
to finish the process.
Report this User
Report this user for behavior that violates our
Community Guidelines
.
Details:
Send Report
Go to the Sporcle.com Mobile Site →
Comments